| 000 | 01063nam a2200265Ia 4500 | ||
|---|---|---|---|
| 003 | OSt | ||
| 005 | 20221005103634.0 | ||
| 006 | a|||||r|||| 00| 0 | ||
| 007 | ta | ||
| 008 | 221004b |||||||| |||| 00| 0 hin d | ||
| 020 |
_a8183152120 (hbk) _c2000 |
||
| 024 | _a4249 | ||
| 037 |
_b369, 21/01/2013, Eastern Book Linkers _cTextual |
||
| 040 |
_aCRL _cCRL _bhin |
||
| 041 |
_2hin _ahin |
||
| 082 | _aR6jN44, 152Q3 | ||
| 100 |
_aसिन्हा, रमेश चन्दª _9623684 |
||
| 245 | 0 | _aअनुप्रयुक्त दर्शन तथा नीतिशास्त्र के आयाम | |
| 246 | _aAnuprayukta darshan tathā nītishāstra ke āyāma | ||
| 260 |
_aदिल्ली _bअखिल भारतीय दर्शन परिषद भारत _c2013 |
||
| 300 |
_a625पृ _ccm. |
||
| 650 | _aभारतीय दर्शन | ||
| 942 |
_hR6jN44, 152Q3 _cTEXL _2cc |
||
| 999 |
_c1010476 _d1010476 |
||